000 00436nam a22001697a 4500
003 UA-OsUOA
001 6055
007 ta
008 20050721b un ||||| |||| 00| 0 ukr d
100 _aДмітращук
700 _aО. С.
942 _cBK
040 _aUA-OsUOA
_cUA-OsUOA
_dUA-OsUOA
245 _aМовні засоби контрасного зобр. та їх вираження...
_bBA Paper
955 _a2
650 7 _2UDC
999 _c292217
_d292217